Fundamentals of mathodes of mathematical (Record no. 171251)

000 -LEADER
fixed length control field 00333nam a2200121Ia 4500
008 - FIXED-LENGTH DATA ELEMENTS--GENERAL INFORMATION
fixed length control field 220217s9999||||xx |||||||||||||| ||und||
082 ## - DEWEY DECIMAL CLASSIFICATION NUMBER
Classification number 510 ALP
100 ## - MAIN ENTRY--PERSONAL NAME
Personal name Alpha, Chiang, C
9 (RLIN) 3251
245 #0 - TITLE STATEMENT
Title Fundamentals of mathodes of mathematical
260 ## - PUBLICATION, DISTRIBUTION, ETC.
Place of publication, distribution, etc. Tata Mcgraw hill
Name of publisher, distributor, etc. New York
Date of publication, distribution, etc. 1984
300 ## - PHYSICAL DESCRIPTION
Other physical details 338
650 ## - SUBJECT ADDED ENTRY--TOPICAL TERM
Topical term or geographic name entry element MATHEMATICS
Holdings
Withdrawn status Lost status Damaged status Not for loan Collection code Home library Current library Shelving location Date acquired Full call number Barcode Date last seen Price effective from Koha item type
        Humanity Science Central Library Central Library Book Cart 02/18/2022 510 ALP 6440 02/18/2022 02/18/2022 Books

Powered by Koha